Entre la autonomia y la subordinación: política de los países latinoamericanos /

Kaydedildi:
Detaylı Bibliyografya
Yazar: Muñoz, Heraldo
Diğer Yazarlar: comp Tulchin, Joseph S comp
Materyal Türü: Metin
Baskı/Yayın Bilgisi: Buenos Aires: Grupo Editor Latinoamericano
Etiketler: Etiketle
Etiket eklenmemiş, İlk siz ekleyin!

MARC

LEADER 00000 a a2200000 04500
001 25712
003
040
020 |a 950-9432-01-6  
090 |a 177704  
100 |a Muñoz, Heraldo  
245 |a Entre la autonomia y la subordinación: política de los países latinoamericanos /  |c Heraldo Muñoz 
260 |a Buenos Aires:   |b Grupo Editor Latinoamericano  
300 |a 258 p; Tomo. 2  
700 |a comp   |a Tulchin, Joseph S   |a comp  
999 |c 15845  |d 15845